Normal view
MARC view
- El-Solh, Riad,
Entry Personal Name
001 - CONTROL NUMBER
- control field: 37121
003 - CONTROL NUMBER IDENTIFIER
- control field: OSt
005 - DATE AND TIME OF LATEST TRANSACTION
- control field: 20150112154249.0
008 - FIXED-LENGTH DATA ELEMENTS
- fixed length control field: 150112|| aca||aabn | a|a d
040 ## - CATALOGING SOURCE
- Original cataloging agency: OSt
100 1# - HEADING--PERSONAL NAME
- Personal name: El-Solh, Riad,
- Dates associated with a name: 1894-1951
400 1# - SEE FROM TRACING--PERSONAL NAME
- Personal name: Solh, Riad el-,
- Dates associated with a name: 1894-1951